000 01460cam a2200337Ii 4500
001 ocn906121504
005 20240919105110.0
008 181203t2015 mauh b 001 0 eng d
010 _a 2012016934
020 _z0674088069
020 _a9780674088061
035 _a(OCoLC)906121504
040 _aCo-BoUCM
_bspa
_cSaul Niño
_dSaul Niño
041 0 _aeng
100 1 _aHager, Christopher
_d1974-
_994734
245 1 0 _aWord by word
_bemancipation and the act of writing
_cChristopher Hager
260 _aCambridge
_bHarvard University Press
_c2012
300 _a311 páginas
_bfacsímiles
505 0 _aBlack Literacy in the White Mind -- The Private Life of the Literate Slave -- Writing a Life in Slavery and Freedom -- The Written We -- Petition and Protest in the Occupied South -- Black Ink, White Pages.
650 7 _aLiteratura americana
_xHistoria y crítica
_918602
650 7 _aAutores
_xPensamiento político y social
_99805
_zAmérica
_ySiglo XIX
650 7 _aAfroamericanos
_xVida intelectual
_ySiglo XX
_97255
650 7 _aAfroamericanos
_xAspectos sociales
_97255
650 7 _aLiteratura y sociedad
_zEstados Unidos
_918762
650 7 _aAfroamericanos
_xDerechos civiles
_97255
650 7 _aEsclavos
_zEstados Unidos
_914764
650 7 _aEmancipación de los esclavos
_913996
650 7 _aLiteratura estadounidense
_918653
942 _2DEWEY
_a18
_cLIBRO
_e1
_h810.9
_mH144w
_n0
999 _c310970
_d310970